[Event "AUTO-MASTER-1650"]
[Site "http://www.queenalice.com/game.php?id=1058650"]
[Date "2012.5.12"]
[Round "1"]
[White "rocato"]
[Black "makibaque"]
[Result "0-1"]
[WhiteElo "2160"]
[BlackElo "2210"]

1. e4 d5 2. exd5 Qxd5 3. d4 Nf6 4. Nc3 Qa5 5. Bd2 Qb6 6. Nf3 Bf5 7. Bb5+ c6 8.
Ba4 e6 9. O-O Bd6 10. Bg5 Qxb2 11. Qd2 Bb4 12. Rab1 Qxc3 13. Rxb4 Qxd2 14. Nxd2
b5 15. Rfb1 O-O 16. Bxb5 cxb5 17. Rxb5 Nbd7 18. R1b2 h6 19. Bf4 Rfc8 20. c4 Bd3
21. R2b4 Nd5 22. Rxd5 exd5 23. c5 Nb8 24. Nb3 Nc6 25. Rb7 Bc4 26. h4 Bxb3 27.
axb3 Nxd4 28. Bd6 Ne6 29. b4 a5 30. bxa5 Rxa5 0-1

[Event "AUTO-MASTER-1650"]
[Site "http://www.queenalice.com/game.php?id=1058667"]
[Date "2012.5.12"]
[Round "1"]
[White "rocato"]
[Black "Ronsini"]
[Result "0-1"]
[WhiteElo "2150"]
[BlackElo "2220"]

1. e4 e5 2. Nf3 Nc6 3. Bc4 Nf6 4. Nc3 Bc5 5. O-O d6 6. d3 Bg4 7. h3 Bh5 8. Bb5
a6 9. Bxc6+ bxc6 10. Be3 Bb6 11. d4 Bxf3 12. gxf3 exd4 13. Bxd4 Nh5 14. Ne2 Rb8
15. Qd2 Qh4 16. Kh2 Bxd4 17. Qxd4 O-O 18. Rg1 c5 19. Qc3 Qxf2+ 20. Rg2 Qh4 21.
Rag1 g6 22. Rg4 Qe7 23. Ng3 Nxg3 24. R1xg3 f5 25. Rg5 fxe4 26. Rh5 exf3 27.
Rxg6+ hxg6 28. Rh8+ Kf7 29. Rh7+ Ke8 30. Rxe7+ Kxe7 31. Kg1 f2+ 32. Kf1 Rbe8 33.
Qg3 Kd8 34. Qg5+ Kc8 0-1

[Event "AUTO-MASTER-1650"]
[Site "http://www.queenalice.com/game.php?id=1058668"]
[Date "2012.5.12"]
[Round "1"]
[White "Ronsini"]
[Black "rocato"]
[Result "0-1"]
[WhiteElo "2210"]
[BlackElo "2148"]

1. e4 c5 2. Nf3 Nc6 3. d4 cxd4 4. Nxd4 d6 5. Nc3 Nf6 6. Be2 e6 7. Be3 Be7 8. O-O
O-O 9. f4 Qc7 10. Qe1 a6 11. Qg3 b5 12. a3 Bb7 13. Rad1 Na5 14. f5 e5 15. Nb3
Kh8 16. Nd2 Rac8 17. Qf2 Qb8 18. Kh1 Nc4 19. Nxc4 bxc4 20. g4 Nxe4 0-1

[Event "AUTO-MASTER-1650"]
[Site "http://www.queenalice.com/game.php?id=1058670"]
[Date "2012.5.12"]
[Round "1"]
[White "rubenov"]
[Black "rocato"]
[Result "0-1"]
[WhiteElo "1919"]
[BlackElo "2162"]

1. d4 g6 2. Nf3 Bg7 3. Nc3 Nf6 4. e4 d6 5. Bc4 O-O 6. O-O c6 7. Re1 a5 8. Bd3
Nbd7 9. e5 dxe5 10. dxe5 Ne8 11. Bg5 Nc5 12. Bc4 Qc7 13. Bf4 Ne6 14. Bg3 b5 15.
Bf1 Bb7 16. Ne4 Rd8 17. Qe2 Qb6 18. Red1 N8c7 19. Rxd8 Rxd8 20. Rd1 Rxd1 21.
Qxd1 c5 22. Nc3 Qc6 23. Bd3 Ng5 24. Be2 b4 25. Nb1 Nce6 26. Qd2 Nd4 27. Qxg5
Nxe2+ 28. Kh1 Qxf3 0-1

[Event "AUTO-OPEN-2683"]
[Site "http://www.queenalice.com/game.php?id=1058769"]
[Date "2012.5.12"]
[Round "1"]
[White "LOMBARDY"]
[Black "rocato"]
[Result "0-1"]
[WhiteElo "1991"]
[BlackElo "2154"]

1. e4 e5 2. Nf3 Nc6 3. Bb5 a6 4. Ba4 b5 5. Bb3 Nf6 6. d4 Nxe4 7. dxe5 Nc5 8. Bd5
Bb7 9. O-O Be7 10. Be3 O-O 11. c4 Ne6 12. cxb5 axb5 13. Nc3 b4 14. Ne4 Ra5 15.
Qd2 Qa8 16. Rfc1 Rxd5 17. Qxd5 Ncd4 18. Qxd7 Ne2+ 19. Kh1 Bxe4 20. Ne1 Nxc1 21.
Qxe7 Nd3 22. Nxd3 Bxd3 23. Qxb4 Rb8 24. Qc3 Be4 25. f3 Bd5 26. Bf2 Qa6 27. b3
Qe2 28. Bg3 c6 29. h3 Ng5 30. e6 Ra8 31. exf7+ Nxf7 32. a4 Ng5 33. Re1 Qa2 34.
Re7 Nf7 35. Be5 Qxb3 36. Qd4 Qb1+ 37. Kh2 Qg6 38. Bg3 h6 39. Be1 Qd6+ 0-1

[Event "AUTO-OPEN-2683"]
[Site "http://www.queenalice.com/game.php?id=1058770"]
[Date "2012.5.12"]
[Round "1"]
[White "rocato"]
[Black "LOMBARDY"]
[Result "1-0"]
[WhiteElo "2146"]
[BlackElo "2014"]

1. e4 c5 2. Nf3 d6 3. b4 cxb4 4. d4 e6 5. Bd3 Nf6 6. O-O Nc6 7. Nbd2 Be7 8. Bb2
a6 9. Qe2 O-O 10. Rad1 b5 11. Ne1 e5 12. dxe5 dxe5 13. f4 Bc5+ 14. Kh1 Ng4 15.
f5 Ne3 16. Rf3 Nxd1 17. Qxd1 Bd4 18. Bc1 f6 19. Rh3 Ra7 20. Nb3 Bb6 21. Qh5 g6
22. Rg3 g5 23. Nf3 Qe8 24. Qh6 Bd8 25. h4 Kh8 26. hxg5 fxg5 27. Nxg5 Rf6 28. Qh3
Qf8 29. Qg4 Rg7 30. Rh3 a5 31. Bxb5 Rfg6 32. Nxh7 Rxg4 33. Nf6+ Rh7 34. Rxh7#
1-0

[Event "AUTO-OPEN-2683"]
[Site "http://www.queenalice.com/game.php?id=1058789"]
[Date "2012.5.12"]
[Round "1"]
[White "Famelo"]
[Black "rocato"]
[Result "0-1"]
[WhiteElo "2057"]
[BlackElo "2151"]

1. f4 e5 2. fxe5 d6 3. exd6 Bxd6 4. Nf3 Nf6 5. d3 O-O 6. e4 Nc6 7. Be2 Ng4 8.
O-O Bc5+ 9. Kh1 Nf2+ 10. Rxf2 Bxf2 11. Qf1 Bb6 12. a4 f5 13. e5 f4 14. c3 a5 15.
d4 Ne7 16. Bc4+ Nd5 17. Qe2 Be6 18. Bxd5 Qxd5 19. Nbd2 c6 20. c4 Qd7 21. Qd3
Rad8 22. Nb3 Bf5 23. Qc3 Bg4 24. c5 Bc7 25. Ng5 Bxe5 26. Qc4+ Kh8 27. h3 f3 28.
dxe5 fxg2+ 29. Kxg2 Qf5 30. hxg4 Qf2+ 31. Kh3 h6 32. Nd2 hxg5 33. Ra3 Qh4+ 34.
Kg2 Rf2+ 0-1

[Event "AUTO-OPEN-2683"]
[Site "http://www.queenalice.com/game.php?id=1058790"]
[Date "2012.5.12"]
[Round "1"]
[White "rocato"]
[Black "Famelo"]
[Result "0-1"]
[WhiteElo "2167"]
[BlackElo "2022"]

1. e4 d6 2. d4 Nf6 3. Nc3 g6 4. f4 Bg7 5. Nf3 O-O 6. Bd3 Nc6 7. O-O Bg4 8. Be3
e5 9. fxe5 dxe5 10. d5 Nd4 11. Ne2 Nxf3+ 12. gxf3 Bh3 13. Rf2 Nh5 14. Qd2 f5 15.
Bg5 Bf6 16. Bxf6 Qxf6 17. Kh1 fxe4 18. Bxe4 Qh4 19. Qe3 Rf6 20. Rg1 Raf8 21. Ng3
Nf4 22. Qxa7 Bd7 23. Rd2 Nh3 24. Rf1 Ng5 25. Qxb7 Nxe4 26. Nxe4 Rxf3 27. Rxf3
Qxe4 0-1

[Event "AUTO-OPEN-2683"]
[Site "http://www.queenalice.com/game.php?id=1058799"]
[Date "2012.5.12"]
[Round "1"]
[White "andrevillares"]
[Black "rocato"]
[Result "0-1"]
[WhiteElo "1940"]
[BlackElo "2140"]

1. d4 Nf6 2. c4 g6 3. Nc3 Bg7 4. e4 d6 5. Be2 c6 6. Nf3 O-O 7. O-O b5 8. cxb5
cxb5 9. Bxb5 Qb6 10. Qd3 a6 11. Bc4 Nc6 12. Be3 Qa5 13. a3 Qh5 14. d5 Ne5 15.
Nxe5 dxe5 16. f3 Ne8 17. Bc5 Nd6 18. Ne2 a5 19. Ng3 Qh4 20. Rac1 Nxc4 21. Rxc4
Ba6 22. Bf2 Bxc4 23. Qxc4 Rfc8 24. Qb5 Rab8 25. Qd7 Rc2 26. Nf5 Qg5 27. Nxe7+
Kh8 28. Nc6 Rf8 29. b4 axb4 30. axb4 Ra8 31. b5 Rxf2 32. g3 Rxh2 33. Kxh2 Ra2+
0-1

[Event "AUTO-OPEN-2683"]
[Site "http://www.queenalice.com/game.php?id=1058800"]
[Date "2012.5.12"]
[Round "1"]
[White "rocato"]
[Black "andrevillares"]
[Result "0-1"]
[WhiteElo "2161"]
[BlackElo "2011"]

1. e4 c6 2. d4 d5 3. Nc3 dxe4 4. f3 exf3 5. Nxf3 Bg4 6. Be2 Nf6 7. O-O e6 8. Bg5
Be7 9. Qd2 h6 10. Bf4 Nbd7 11. Rad1 Qb6 12. a4 O-O 13. Kh1 Rfd8 14. a5 Qxa5 15.
Ra1 Qh5 16. h3 Nb6 17. Kg1 Bxh3 18. gxh3 Qxh3 19. Nh2 c5 20. Rf3 Qh4 21. Rd3
cxd4 22. Rxd4 Bc5 23. Nb5 Bxd4+ 24. Nxd4 Ne4 25. Qe3 Nf6 26. Be5 Nfd5 27. Qg3
Qxg3+ 28. Bxg3 Nf6 29. c3 Ne4 30. Be1 Nd5 31. Bf3 Ng5 32. Bg2 a6 33. Nhf3 Nxf3+
34. Bxf3 g5 35. Bg3 Kg7 36. Be5+ Kg6 37. Kf2 Rac8 38. Rh1 Rd7 39. Bh5+ Kh7 40.
Bd1 f6 41. Bg3 Re8 42. Bc2+ Kg7 43. Ba4 b5 44. Bc2 b4 45. Ba4 Rde7 46. Bd6 bxc3
47. bxc3 Nxc3 48. Bxe8 Rxe8 49. Bb4 Ne4+ 50. Ke3 Ng3 51. Ra1 e5 52. Nc6 Ra8 53.
Rd1 Nf5+ 54. Ke4 Nh4 55. Rd7+ Kg6 56. Ne7+ Kh5 57. Nd5 f5+ 58. Kxe5 f4 59. Rg7
Ng6+ 60. Kf5 Nh4+ 61. Ke6 Ng2 62. Nf6+ Kh4 63. Rh7 a5 64. Bc5 Kg3 65. Rxh6 f3
66. Kf5 Ne1 67. Kxg5 Nd3 68. Rh1 f2 0-1

[Event "AUTO-OPEN-2683"]
[Site "http://www.queenalice.com/game.php?id=1120109"]
[Date "2012.11.7"]
[Round "2"]
[White "luciopac"]
[Black "rocato"]
[Result "1-0"]
[WhiteElo "2126"]
[BlackElo "2133"]

1. e4 c5 2. Nf3 Nc6 3. c4 d6 4. d4 cxd4 5. Nxd4 Nf6 6. Nc3 g6 7. Be2 Bg7 8. Be3
O-O 9. O-O Bd7 10. Rc1 Qa5 11. Nb3 Qc7 12. Nb5 1-0

[Event "AUTO-OPEN-2683"]
[Site "http://www.queenalice.com/game.php?id=1120110"]
[Date "2012.11.7"]
[Round "2"]
[White "rocato"]
[Black "luciopac"]
[Result "0-1"]
[WhiteElo "2146"]
[BlackElo "2113"]

1. e4 e5 2. Nf3 Nc6 3. Bc4 d6 4. d4 exd4 5. Nxd4 Nxd4 6. Qxd4 Be6 7. Nc3 Qf6 8.
Qd3 c6 9. O-O Bxc4 10. Qxc4 Qe6 11. Qa4 Be7 0-1